Normal view
MARC view
- Noorbina Razak
Entry Personal Name
001 - CONTROL NUMBER
- control field: 7091
003 - CONTROL NUMBER IDENTIFIER
- control field: OSt
005 - DATE AND TIME OF LATEST TRANSACTION
- control field: 20250206121602.0
008 - FIXED-LENGTH DATA ELEMENTS
- fixed length control field: 250206|| aca||aabn | a|a d
040 ## - CATALOGING SOURCE
- Original cataloging agency: OSt
- Transcribing agency: OSt
100 ## - HEADING--PERSONAL NAME
- Personal name: Noorbina Razak
670 ## - SOURCE DATA FOUND
- Source citation: Work cat.: (OSt)19319: Noorbina Razak, Microwave hydro-distillation and ultrasound assisted extraction of bioactive components from nutmeg pericarp /, 2024
